Google maps - 20 largest UK arenas Quiz Stats

Quiz not verified by Sporcle

Challenge
Share
Tweet
Score 0/20 Timer 20:00
0 Plays Today
% Correct
O2 Arena, London
81.7%
Manchester Arena
81.7%
SSE Arena Wembley, London
70.2%
Genting Arena, Birmingham
62.5%
Motorpoint Arena, Sheffield
48.1%
First Direct Arena, Leeds
45.2%
Capital FM Arena, Nottingham
43.3%
Barclaycard Arena, Birmingham
41.3%
Echo Arena Liverpool
32.7%
Olympia, London
27.9%
% Correct
Scottish Exhibition and Conference Centre, Glasgow
26%
Manchester Central
21.2%
Metro Radio Arena, Newcastle
20.2%
SSE Hydro, Glasgow
20.2%
International Convention Centre, Birmingham
17.3%
Motorpoint Arena, Cardiff
17.3%
Royal Highland Centre, Edinburgh
10.6%
Odyssey Arena, Belfast
9.6%
Aberdeen Exhibition and Conference Centre (GE Oil & Gas Arena)
9.6%
Meadowbank, Edinburgh
9.6%

You're not logged in!

Compare scores with friends on all Sporcle quizzes.
Sign Up with Email
OR
Log In

You Might Also Like...

Show Comments

Extras

Top Quizzes Today


Score Distribution

Your Account Isn't Verified!

In order to create a playlist on Sporcle, you need to verify the email address you used during registration. Go to your Sporcle Settings to finish the process.

Report this User

Report this user for behavior that violates our Community Guidelines.

Details: